000 00763nam a2200277 4500
001 73986
005 20260407142929.0
010 _a9789895760411
021 _aPT
_b543975/25
090 _a73986
100 _a20250703d2025 m y0pory50030103ba
101 0 _apor
102 _aPT
105 _aa z 000yy
106 _ar
200 1 _aAntes do 25 de Abril era proibido
_fAntónio Costa Santos
205 _a3.ª ed.
210 9 _aLisboa
_cGuerra & Paz
_d2025
215 _a204, [4] p.
_cil.
675 _a343.4/.5(469)"1933/1974"
_vBN
_zpor
675 _a342.7(469)"1933/1974"
_vBN
_zpor
675 _a316.32(469)"1933/1974"
_vBN
_zpor
675 _a316.75(469)"1933/1974"
_vBN
_zpor
700 1 _aSantos
_bAntónio Costa
_f1957-
_950991
801 0 _aPT
_bBN
_gRPC
942 _cMON